000 00961cam a22002411 4500
001 sa 65000089
003 DLC
005 20260227112100.0
008 810921s1955 io 00010 ind
010 _asa 65000089 //r942
025 _aPL480:Indo-911
040 _aDLC
_cDLC
_dDLC
043 _aa-io---
050 0 0 _aDS638
_b.T6
082 0 0 _a327.598
_219
100 1 0 _aTobing, F. L.,
_d1899-1962.
245 0 0 _aAmanat Menteri Penerangan Dr. F.L. Tobing dan uraian Sekretaris Djenderal Kempen Harjoto tentang beberapa aspek mengenai persoalan pelaksanaan politik luar negeri Indonesia jang bebas dan aktif menudju perdamaian berdasarkan kepentingan nasional, Pada pembukaan Latihan Praktek Pendidikan Pegawai Staf Kempen di Tugu tanggal 30 Djanuari 1955.
260 0 _a[Djakarta]
_bKementerian Penerangan
_c[1955]
300 _a16, 3 p.
_c34 cm.
500 _aCover title.
651 0 _aIndonesia
_xForeign relations.
700 1 0 _aJoedoatmodjo, Harjoto.
999 _c61374
_d61374